| 000 | 00633nam a2200205 a 4500 | ||
|---|---|---|---|
| 005 | 20140310183334.0 | ||
| 008 | 060908s19uu xx 00 eng d | ||
| 020 | _a007143190 | ||
| 050 |
_aML 74 _b.T83 2005 |
||
| 100 | _aTschetter, Nate | ||
| 245 |
_aRip, mix, and burn in 10 minutes or less: _bdigital music on Mac OS x. / _cNate Tschetter |
||
| 260 |
_aNew York : _bMcGraw-Hill, _c2005. |
||
| 300 |
_a178 p. : _bill. ; _c24 cm. |
||
| 521 | _aIT | ||
| 650 |
_aMusic _xData processing. |
||
| 650 |
_aSound _xRecording and reproducing _xDigital techniques. |
||
| 700 | _aMolineaux, Sam | ||
| 942 |
_cBK _2lcc _kFOR |
||
| 999 |
_c21646 _d21646 |
||